| 000 | 01007nam a22002657a 4500 | ||
|---|---|---|---|
| 001 | 06965 | ||
| 003 | HDC | ||
| 007 | cr bn --- | ||
| 008 | 210126p2009 ||||| |||| 00| 0 eng d | ||
| 040 | _aHDC | ||
| 100 |
_aAsmak Binti Ab Rahman, _eauthor _97443 |
||
| 245 | 0 |
_aGCC ECONOMIC INTEGRATION CHALLENGE AND OPPORTUNITY FOR MALAYSIAN ECONOMY _cAsmak Binti Ab Rahman and Mohd Fauzi Bin Abu-Hussin |
|
| 260 |
_a[No place] : _bThe Journal of International Social Research, _c2009 |
||
| 336 |
_atext _2rdacontent |
||
| 337 |
_acomputer _2rdamedia |
||
| 338 |
_aonline resource _2rdacarrier |
||
| 650 |
_aEconomic Integration _97446 |
||
| 650 |
_aGulf Cooperation Council, _97444 |
||
| 650 |
_aMalaysian Economy, _97445 |
||
| 700 |
_aMohd Fauzi Bin Abu-Hussin, _eauthor _97447 |
||
| 856 | _zRequest full-text at [email protected] | ||
| 942 | _2lcc | ||
| 942 | _cAR | ||
| 942 | _kJART 000624 | ||
| 999 |
_c4289 _d4289 |
||